<?xml version="1.0" encoding="UTF-8"?>
<record
    xmlns:xsi="http://www.w3.org/2001/XMLSchema-instance"
    xsi:schemaLocation="http://www.loc.gov/MARC21/slim http://www.loc.gov/standards/marcxml/schema/MARC21slim.xsd"
    xmlns="http://www.loc.gov/MARC21/slim">

  <leader>01989    a2200205   4500</leader>
  <controlfield tag="001">50020</controlfield>
  <controlfield tag="005">20260407155801.0</controlfield>
  <controlfield tag="008">260407a1965    arg                 spa d</controlfield>
  <controlfield tag="003">AR-UNSa-BCEJYS</controlfield>
  <datafield tag="040" ind1=" " ind2=" ">
    <subfield code="a">AR-UNSa-BCEJYS</subfield>
    <subfield code="b">spa</subfield>
    <subfield code="c">AR-UNSa-BCEJYS</subfield>
  </datafield>
  <datafield tag="080" ind1=" " ind2=" ">
    <subfield code="a">330.8</subfield>
    <subfield code="x">Historia de las teor&#xED;as, Doctrinas, Dogmas econ&#xF3;micos (pensamiento econ&#xF3;mico)</subfield>
  </datafield>
  <datafield tag="245" ind1="1" ind2="0">
    <subfield code="a">Historia del pensamiento econ&#xF3;mico</subfield>
  </datafield>
  <datafield tag="264" ind1=" " ind2="1">
    <subfield code="a">Buenos Aires :</subfield>
    <subfield code="b">TEA (Tipogr&#xE1;fica Editora Argentina)</subfield>
    <subfield code="c">1965</subfield>
  </datafield>
  <datafield tag="300" ind1=" " ind2=" ">
    <subfield code="a">609 p.</subfield>
    <subfield code="c">23 cm.</subfield>
  </datafield>
  <datafield tag="505" ind1=" " ind2=" ">
    <subfield code="a">1. El siglo VIII, Locke y Newton: El orden natural y los fisi&#xF3;cratas - 2. Los precursores de Adam Smith en filosof&#xED;a moral - 3. La filosof&#xED;a de la ciencia y la teor&#xED;a de la psicolog&#xED;a social y de la &#xE9;tica de Adam Smith - 4. El ideal y la teor&#xED;a de la econom&#xED;a liberal autoajustable de Adam Smith - 5. El Benthamismo - 6. Malthus: crecimiento y pobreza de la poblaci&#xF3;n y econom&#xED;a cl&#xE1;sica - 7. Ricardo: Introducci&#xF3;n - 8. Ricardo: La teor&#xED;a ricardiana de los valores de cambio, partes de renta y desarrollo econ&#xF3;mico, y la herej&#xED;a de la falta de consumo - 9. Juan Stuart Mill: filosof&#xED;a, &#xE9;tica, pol&#xED;tica y l&#xF3;gica - 10. Juan Stuart Mill: econom&#xED;a y econom&#xED;a pol&#xED;tica - 11. Carlos Marx y su sistema intelectual: sus elementos socialistas, ricardianos y hegelianos - 12. El liberalismo conservador victoriano y la econom&#xED;a neocl&#xE1;sica - 13. La econom&#xED;a de Marshall - 14. Del &#xFA;ltimo apogeo del liberalismo cl&#xE1;sico a las ideolog&#xED;as, reg&#xED;menes y conflictos mundiales de mediados del siglo XX: socialismo democr&#xE1;tico y liberalismo intervencionista - 16. Desarrollos recientes de nuevas teor&#xED;as econ&#xF3;micas relativas a problemas de pol&#xED;tica econ&#xF3;mica: un nuevo an&#xE1;lisis de la competencia y el monopolio - 17. Recientes desarrollos de nuevas teor&#xED;as econ&#xF3;micas relacionadas con problemas de normas p&#xFA;blicas: la econom&#xED;a keynesiana.</subfield>
  </datafield>
  <datafield tag="041" ind1=" " ind2=" ">
    <subfield code="a">spa</subfield>
  </datafield>
  <datafield tag="942" ind1=" " ind2=" ">
    <subfield code="c">BK</subfield>
  </datafield>
  <datafield tag="590" ind1=" " ind2=" ">
    <subfield code="a">niveau_biblio:m niveau_hierar:0</subfield>
  </datafield>
  <datafield tag="100" ind1="1" ind2=" ">
    <subfield code="a">Taylor, Overton H.</subfield>
  </datafield>
  <datafield tag="999" ind1=" " ind2=" ">
    <subfield code="c">4938</subfield>
    <subfield code="d">4938</subfield>
  </datafield>
  <datafield tag="952" ind1=" " ind2=" ">
    <subfield code="0">0</subfield>
    <subfield code="1">0</subfield>
    <subfield code="4">0</subfield>
    <subfield code="7">0</subfield>
    <subfield code="a">BCEJYS</subfield>
    <subfield code="b">BCEJYS</subfield>
    <subfield code="c">16</subfield>
    <subfield code="d">2026-04-07</subfield>
    <subfield code="l">0</subfield>
    <subfield code="o">330.8 T236</subfield>
    <subfield code="p">L24623</subfield>
    <subfield code="r">2026-04-07 15:58:01</subfield>
    <subfield code="w">2026-04-07</subfield>
    <subfield code="y">L</subfield>
  </datafield>
  <datafield tag="952" ind1=" " ind2=" ">
    <subfield code="0">0</subfield>
    <subfield code="1">0</subfield>
    <subfield code="4">0</subfield>
    <subfield code="7">0</subfield>
    <subfield code="a">BCEJYS</subfield>
    <subfield code="b">BCEJYS</subfield>
    <subfield code="c">16</subfield>
    <subfield code="d">2026-04-07</subfield>
    <subfield code="l">0</subfield>
    <subfield code="o">330.8 T236</subfield>
    <subfield code="p">L21125</subfield>
    <subfield code="r">2026-04-07 15:58:01</subfield>
    <subfield code="w">2026-04-07</subfield>
    <subfield code="y">L</subfield>
  </datafield>
  <datafield tag="952" ind1=" " ind2=" ">
    <subfield code="0">0</subfield>
    <subfield code="1">0</subfield>
    <subfield code="4">0</subfield>
    <subfield code="7">0</subfield>
    <subfield code="a">BCEJYS</subfield>
    <subfield code="b">BCEJYS</subfield>
    <subfield code="c">16</subfield>
    <subfield code="d">2026-04-07</subfield>
    <subfield code="l">0</subfield>
    <subfield code="o">330.8 T236</subfield>
    <subfield code="p">L24624</subfield>
    <subfield code="r">2026-04-07 15:58:01</subfield>
    <subfield code="w">2026-04-07</subfield>
    <subfield code="y">L</subfield>
  </datafield>
</record>
